[Event "Omsk op 02"]
[Site "Omsk"]
[Date "2014.02.11"]
[Round "6"]
[White "Avdeev, Alexander"]
[Black "Chagochkin, Valeriy"]
[Result "0-1"]
[WhiteElo "2227"]
[BlackElo "2095"]
[PlyCount "60"]
[EventDate "2014.02.03"]
[EventType "swiss"]
[EventRounds "9"]
[EventCountry "RUS"]
[SourceTitle "EXT 2016"]
[Source "ChessBase"]
[SourceDate "2015.10.08"]
[SourceVersion "1"]
[SourceVersionDate "2015.10.08"]
[SourceQuality "1"]

1. e4 c6 2. d4 d5 3. exd5 cxd5 4. Nc3 Nf6 5. Nf3 Bg4 6. Be2 e6 7. h3 Bxf3 8. Bxf3 Nc6 9. Bg5 h6 10. Bh4 Be7 11. 0-0 0-0 12. b3 Rc8 13. Ne2 b5 14. a3 a5 15. Qd3 Qb6 16. Rfc1 Rfd8 17. c4 dxc4 18. bxc4 Nxd4 19. cxb5 Rxc1+ 20. Nxc1 Nxf3+ 21. Qxf3 Qd4 22. Bxf6 Qd1+ 23. Qxd1 Rxd1+ 24. Kh2 Bxf6 25. Rb1 Bg5 26. b6 Rxc1 27. Rxc1 Bxc1 28. g3 Bxa3 29. Kg2 Bd6 30. Kf3 a4 0-1

[Event "Omsk op 02"]
[Site "Omsk"]
[Date "2014.02.10"]
[Round "5"]
[White "Pozdniakov, Vladimir"]
[Black "Avdeev, Alexander"]
[Result "0-1"]
[WhiteElo "2135"]
[BlackElo "2227"]
[PlyCount "84"]
[EventDate "2014.02.03"]
[EventType "swiss"]
[EventRounds "9"]
[EventCountry "RUS"]
[SourceTitle "EXT 2016"]
[Source "ChessBase"]
[SourceDate "2015.10.08"]
[SourceVersion "1"]
[SourceVersionDate "2015.10.08"]
[SourceQuality "1"]

1. e4 c6 2. d4 d5 3. Nd2 dxe4 4. Nxe4 Bf5 5. Ng3 Bg6 6. h4 h6 7. h5 Bh7 8. Nf3 Nf6 9. Bd3 Bxd3 10. Qxd3 e6 11. Bd2 c5 12. 0-0-0 Nc6 13. Qb5 Qb6 14. Qxb6 axb6 15. dxc5 Bxc5 16. Kb1 Bxf2 17. Be1 Bxe1 18. Rhxe1 Rd8 19. Rxd8+ Kxd8 20. Nd2 Kc7 21. Nde4 Nxe4 22. Nxe4 Rd8 23. Kc1 Rd5 24. Rf1 f6 25. g4 Ne5 26. Nc3 Rc5 27. Rf4 Kc6 28. Rd4 b5 29. Ne4 Rc4 30. Rxc4+ bxc4 31. Nf2 Kd5 32. Kd2 g6 33. hxg6 Nxg6 34. Kc3 Nf4 35. Nd1 e5 36. Ne3+ Ke4 37. Nxc4 Kf3 38. Nd6 Kxg4 39. Nxb7 h5 40. a4 h4 41. Nd6 h3 42. Ne4 h2 0-1

[Event "Omsk-ch"]
[Site "Omsk"]
[Date "2010.02.23"]
[Round "3"]
[White "Avdeev, Alexander"]
[Black "Pozdniakov, Vladimir"]
[Result "1-0"]
[WhiteElo "2246"]
[BlackElo "2182"]
[PlyCount "21"]
[EventDate "2010.02.20"]
[EventType "swiss"]
[EventRounds "11"]
[EventCountry "RUS"]
[SourceTitle "CBM 135 Extra"]
[Source "ChessBase"]
[SourceDate "2010.05.04"]
[SourceVersion "1"]
[SourceVersionDate "2010.05.04"]
[SourceQuality "1"]

1. d4 g6 2. e4 Bg7 3. Nc3 d6 4. Nf3 Nf6 5. Be2 0-0 6. 0-0 Bg4 7. Be3 Bxf3 8. Bxf3 Nbd7 9. Qd2 e5 10. Rfe1 Re8 11. Rad1 1-0

[Event "Omsk-ch"]
[Site "Omsk"]
[Date "2010.02.20"]
[Round "1"]
[White "Avdeev, Alexander"]
[Black "Tolkachiov, Vladimir"]
[Result "1-0"]
[WhiteElo "2246"]
[BlackElo "2015"]
[PlyCount "29"]
[EventDate "2010.02.20"]
[EventType "swiss"]
[EventRounds "11"]
[EventCountry "RUS"]
[SourceTitle "CBM 135 Extra"]
[Source "ChessBase"]
[SourceDate "2010.05.04"]
[SourceVersion "1"]
[SourceVersionDate "2010.05.04"]
[SourceQuality "1"]

1. d4 Nf6 2. c4 g6 3. Nc3 Bg7 4. e4 d6 5. f3 0-0 6. Be3 Nc6 7. Nge2 e5 8. Qd2 a6 9. 0-0-0 exd4 10. Nxd4 Bd7 11. g4 Rb8 12. h4 Re8 13. h5 Nxd4 14. Bxd4 b5 15. Kb1 1-0

[Event "Sibiria Region-ch"]
[Site "Novokuznetsk"]
[Date "2008.03.20"]
[Round "8"]
[White "Avdeev, Alexander"]
[Black "Shkurikhin, Ilia"]
[Result "0-1"]
[WhiteElo "2277"]
[BlackElo "2371"]
[PlyCount "78"]
[EventDate "2008.03.13"]
[EventType "swiss"]
[EventRounds "9"]
[EventCountry "RUS"]
[SourceTitle "CBM 123 Extra"]
[Source "ChessBase"]
[SourceDate "2008.05.06"]
[SourceVersion "1"]
[SourceVersionDate "2008.05.06"]
[SourceQuality "1"]

1. Nf3 Nf6 2. d4 e6 3. g3 d5 4. c4 Nbd7 5. Bg2 Bb4+ 6. Bd2 Be7 7. Nc3 0-0 8. cxd5 exd5 9. 0-0 c6 10. Bf4 Re8 11. Qc2 Nf8 12. Rad1 Ng6 13. Bc1 Bb4 14. Bg5 h6 15. Bd2 Be6 16. a3 Bd6 17. Rfe1 Qd7 18. Na4 Bf5 19. Qc1 b6 20. b4 Rac8 21. Qb2 Bh3 22. Bh1 Ne4 23. b5 cxb5 24. Nc3 Qg4 25. Nxe4 dxe4 26. Ne5 Nxe5 27. dxe5 Bxe5 28. Qxb5 h5 29. Rc1 Rcd8 30. Rc4 Bf6 31. Be3 h4 32. Qa4 b5 33. Qxb5 Re5 34. Qa4 Bg5 35. Bxg5 Qxg5 36. Rxe4 Qd2 37. Qd1 Red5 38. Qxd2 Rxd2 39. Rxh4 Rd1 0-1

[Event "Omsk City-ch"]
[Site "Omsk"]
[Date "2008.02.10"]
[Round "7"]
[White "Avdeev, Alexander"]
[Black "Selin, Vladimir"]
[Result "0-1"]
[WhiteElo "2277"]
[BlackElo "2309"]
[PlyCount "102"]
[EventDate "2008.02.06"]
[EventType "swiss"]
[EventRounds "11"]
[EventCountry "RUS"]
[SourceTitle "EXT 2009"]
[Source "ChessBase"]
[SourceDate "2008.11.26"]
[SourceVersion "1"]
[SourceVersionDate "2008.11.26"]
[SourceQuality "1"]

1. d4 d5 2. c4 dxc4 3. Nf3 Nf6 4. g3 c5 5. Bg2 Nc6 6. Qa4 cxd4 7. 0-0 Nd7 8. Qxc4 Nb6 9. Qd3 e5 10. e3 Be7 11. exd4 exd4 12. Rd1 0-0 13. Nxd4 Nxd4 14. Qxd4 Qxd4 15. Rxd4 Bf6 16. Rb4 Rd8 17. Nc3 Bxc3 18. bxc3 Rd1+ 19. Bf1 Bh3 20. Bb2 Rad8 21. Rd4 R8xd4 22. cxd4 Rxa1 23. Bxa1 Bxf1 24. Kxf1 Kf8 25. Ke2 Ke7 26. Kd3 Nd5 27. Bb2 Ke6 28. Ba3 Nf6 29. Bf8 g6 30. Bg7 Nd5 31. Bf8 b5 32. a3 a6 33. f3 Nc7 34. Bc5 f6 35. Bb6 Nd5 36. Ba5 f5 37. Kd2 Ne7 38. h4 Kd5 39. Kd3 Nc6 40. Bc3 a5 41. g4 b4 42. axb4 Nxb4+ 43. Ke3 Kc4 44. Bb2 Nd5+ 45. Kd2 Kb3 46. Bc1 a4 47. gxf5 gxf5 48. Kd3 Nb4+ 49. Ke3 Kc2 50. Ba3 Nd5+ 51. Ke2 Kb3 0-1

[Event "Omsk City-ch"]
[Site "Omsk"]
[Date "2008.02.07"]
[Round "3"]
[White "Shkurkin, Nikolai"]
[Black "Avdeev, Alexander"]
[Result "1/2-1/2"]
[WhiteElo "2167"]
[BlackElo "2277"]
[PlyCount "62"]
[EventDate "2008.02.06"]
[EventType "swiss"]
[EventRounds "11"]
[EventCountry "RUS"]
[SourceTitle "EXT 2009"]
[Source "ChessBase"]
[SourceDate "2008.11.26"]
[SourceVersion "1"]
[SourceVersionDate "2008.11.26"]
[SourceQuality "1"]

1. e4 c5 2. Nf3 Nc6 3. Bb5 g6 4. Bxc6 dxc6 5. d3 Bg7 6. h3 e5 7. Nc3 Qe7 8. Bg5 f6 9. Be3 Nh6 10. Qd2 Nf7 11. a3 b6 12. 0-0 0-0 13. Nh2 Bb7 14. a4 a5 15. f4 exf4 16. Bxf4 Rad8 17. Qe2 Bc8 18. Rae1 Rde8 19. Kh1 Nd8 20. Nf3 Ne6 21. Be3 Qd6 22. Qd2 Nd4 23. Bf4 Qd8 24. Nxd4 cxd4 25. Nd1 c5 26. b3 Rf7 27. Nb2 Rfe7 28. Nc4 Re6 29. Qf2 Ba6 30. Nd2 Bf8 31. Kg1 Be7 1/2-1/2

[Event "Omsk-ch sf"]
[Site "Omsk"]
[Date "2006.12.24"]
[Round "8"]
[White "Avdeev, Alexander"]
[Black "Pozdniakov, Vladimir"]
[Result "1/2-1/2"]
[WhiteElo "2283"]
[BlackElo "2236"]
[PlyCount "106"]
[EventDate "2006.11.15"]
[EventType "swiss"]
[EventRounds "9"]
[EventCountry "RUS"]
[SourceTitle "EXT 2019"]
[Source "ChessBase"]
[SourceDate "2018.10.10"]
[SourceVersion "1"]
[SourceVersionDate "2018.10.10"]
[SourceQuality "1"]

1. d4 g6 2. g3 Bg7 3. Bg2 d6 4. e4 Nd7 5. Nc3 e5 6. Nge2 Nh6 7. h3 f6 8. Be3 Nf7 9. Qd2 c6 10. a4 Nb6 11. b3 a5 12. Rd1 Nd7 13. 0-0 0-0 14. g4 Re8 15. Ng3 Qe7 16. f4 Bh6 17. Rde1 Bxf4 18. Bxf4 exf4 19. Qxf4 Ng5 20. Qd2 Qg7 21. h4 Nf7 22. Qf4 Re7 23. Nd1 Qh6 24. Ne3 Qxf4 25. Rxf4 b6 26. Rf2 Bb7 27. Bf1 Rae8 28. Bd3 d5 29. Rfe2 dxe4 30. Nc4 c5 31. Bxe4 Bxe4 32. Nxe4 Kf8 33. dxc5 Nxc5 34. Ng3 Nd7 35. Kf2 Nfe5 36. Nxe5 Nxe5 37. g5 fxg5 38. hxg5 Nf7 39. Rxe7 Rxe7 40. Rxe7 Kxe7 41. Ne4 Ke6 42. Ke3 Kf5 43. Nf6 Nxg5 44. Nd5 Ne4 45. Nxb6 Nd6 46. b4 Nb7 47. c3 h5 48. Nc4 axb4 49. cxb4 Ke6 50. a5 Nd6 51. Nxd6 Kxd6 52. a6 Kc6 53. b5+ Kb6 1/2-1/2

[Event "Omsk-ch sf"]
[Site "Omsk"]
[Date "2006.11.26"]
[Round "4"]
[White "Vinichenko, Vladimir"]
[Black "Avdeev, Alexander"]
[Result "0-1"]
[WhiteElo "2194"]
[BlackElo "2283"]
[PlyCount "90"]
[EventDate "2006.11.15"]
[EventType "swiss"]
[EventRounds "9"]
[EventCountry "RUS"]
[SourceTitle "EXT 2019"]
[Source "ChessBase"]
[SourceDate "2018.10.10"]
[SourceVersion "1"]
[SourceVersionDate "2018.10.10"]
[SourceQuality "1"]

1. d4 e6 2. Nf3 c5 3. e4 cxd4 4. Nxd4 Nf6 5. Nc3 d6 6. g3 Nc6 7. Bg2 Bd7 8. 0-0 Nxd4 9. Qxd4 Bc6 10. a4 Be7 11. h3 0-0 12. Be3 Qb8 13. Qd3 Rd8 14. Bf4 Qc8 15. Nb5 d5 16. e5 Bxb5 17. axb5 Nd7 18. h4 Qc7 19. Qe2 Rdc8 20. Rfc1 h6 21. h5 Bg5 22. Ra3 Qc4 23. Qxc4 Rxc4 24. Bxg5 hxg5 25. Re3 Rac8 26. c3 R4c5 27. Ra1 Rxb5 28. b4 a6 29. Bf1 Rb6 30. Rd1 Rc7 31. Rd4 Rbc6 32. b5 Rxc3 33. Rxc3 Rxc3 34. bxa6 bxa6 35. Ra4 Nxe5 36. Rxa6 g4 37. Be2 d4 38. Rd6 d3 39. Bf1 Kf8 40. Kg2 Ke7 41. Rd4 f5 42. Ra4 Kf6 43. Rd4 Nf3 44. Rd7 d2 45. Be2 Rc1 0-1

[Event "Omsk-ch sf"]
[Site "Omsk"]
[Date "2006.11.19"]
[Round "2"]
[White "Kozlov, Konstantin"]
[Black "Avdeev, Alexander"]
[Result "0-1"]
[WhiteElo "2120"]
[BlackElo "2283"]
[PlyCount "44"]
[EventDate "2006.11.15"]
[EventType "swiss"]
[EventRounds "9"]
[EventCountry "RUS"]
[SourceTitle "EXT 2019"]
[Source "ChessBase"]
[SourceDate "2018.10.10"]
[SourceVersion "1"]
[SourceVersionDate "2018.10.10"]
[SourceQuality "1"]

1. e4 c5 2. Nf3 d6 3. d4 cxd4 4. Nxd4 Nf6 5. Nc3 e5 6. Bb5+ Nbd7 7. Nf5 a6 8. Bxd7+ Qxd7 9. Bg5 Qc6 10. Bxf6 Bxf5 11. Qf3 Be6 12. Bg5 f5 13. 0-0 f4 14. Nd5 h6 15. Qh5+ Bf7 16. Qh4 Bxd5 17. exd5 Qxd5 18. Rfe1 Kf7 19. c4 Qc6 20. c5 Kg8 21. Bxf4 exf4 22. Qxf4 Rh7 0-1

[Event "RUS-chT Sibirian Zone"]
[Site "Omsk"]
[Date "2001.10.13"]
[Round "9"]
[White "Avdeev, Alexander"]
[Black "Arkhipov, Sergey"]
[Result "1/2-1/2"]
[WhiteElo "2228"]
[BlackElo "2499"]
[PlyCount "33"]
[EventDate "2001.10.05"]
[EventType "team-tourn"]
[EventRounds "9"]
[EventCountry "RUS"]
[SourceTitle "CBM 085 Extra"]
[Source "ChessBase"]
[SourceDate "2002.01.21"]
[SourceVersion "1"]
[SourceVersionDate "2002.01.21"]
[SourceQuality "1"]

1. d4 d5 2. Nf3 c6 3. c4 e6 4. Qc2 dxc4 5. Qxc4 b5 6. Qc2 Bb7 7. a4 b4 8. Nbd2 Nd7 9. Nb3 Rc8 10. Bg5 Ngf6 11. e3 c5 12. dxc5 Bxc5 13. Bxf6 gxf6 14. Qd2 Be7 15. Rd1 Bd5 16. Bb5 Rc7 17. Qd3 1/2-1/2

[Event "RUS-chT Sibirian Zone"]
[Site "Omsk"]
[Date "2001.10.12"]
[Round "8"]
[White "Nureev, Garun"]
[Black "Avdeev, Alexander"]
[Result "1-0"]
[WhiteElo "2448"]
[BlackElo "2228"]
[PlyCount "65"]
[EventDate "2001.10.05"]
[EventType "team-tourn"]
[EventRounds "9"]
[EventCountry "RUS"]
[SourceTitle "CBM 085 Extra"]
[Source "ChessBase"]
[SourceDate "2002.01.21"]
[SourceVersion "1"]
[SourceVersionDate "2002.01.21"]
[SourceQuality "1"]

1. c4 c5 2. Nc3 Nc6 3. g3 g6 4. e3 Bg7 5. Nge2 d6 6. Bg2 Bg4 7. h3 Bd7 8. 0-0 Qc8 9. Kh2 h5 10. d4 Nh6 11. b3 Nf5 12. d5 Nb4 13. Bb2 Rb8 14. Qd2 h4 15. g4 Nh6 16. a3 Na6 17. Nb5 f6 18. Qc2 Kf7 19. Nf4 f5 20. g5 Bxb2 21. Qxb2 Nc7 22. Nxd6+ exd6 23. Qf6+ Kg8 24. Qxg6+ Kf8 25. Qxd6+ Kg8 26. Qg6+ Kf8 27. Qf6+ Nf7 28. Ng6+ Kg8 29. Ne7+ Kf8 30. g6 Be6 31. g7+ Ke8 32. gxh8Q+ Nxh8 33. Nxc8 1-0

[Event "RUS-chT Sibirian Zone"]
[Site "Omsk"]
[Date "2001.10.10"]
[Round "6"]
[White "Nikitin, Andrey"]
[Black "Avdeev, Alexander"]
[Result "1-0"]
[WhiteElo "2506"]
[BlackElo "2228"]
[PlyCount "89"]
[EventDate "2001.10.05"]
[EventType "team-tourn"]
[EventRounds "9"]
[EventCountry "RUS"]
[SourceTitle "EXT 2002"]
[Source "ChessBase"]
[SourceDate "2001.11.25"]
[SourceVersion "1"]
[SourceVersionDate "2001.11.25"]
[SourceQuality "1"]

1. d4 g6 2. c4 Bg7 3. Nf3 c5 4. d5 d6 5. e4 Nf6 6. Nc3 0-0 7. Be2 a6 8. a4 e6 9. Bg5 h6 10. Bh4 e5 11. Nd2 Qc7 12. g4 Nh7 13. Nf1 Nd7 14. Ne3 Bf6 15. Bxf6 Ndxf6 16. h4 Kg7 17. Qd2 Ng8 18. Bd3 Bd7 19. Ke2 Qd8 20. Raf1 Qf6 21. Rfg1 Rfe8 22. f3 Kf8 23. Kf2 Reb8 24. Rb1 Qd8 25. b4 cxb4 26. Rxb4 Be8 27. Kg3 Nhf6 28. Ne2 Nd7 29. Bc2 Nc5 30. Nc3 b6 31. Ng2 Kg7 32. g5 f6 33. gxh6+ Nxh6 34. Ne3 Bd7 35. Kf2 Ng8 36. Rbb1 Ne7 37. Rbg1 Kf7 38. Ng4 Bxg4 39. fxg4 Qd7 40. g5 f5 41. exf5 Nxf5 42. h5 Nd4 43. Kg3 gxh5 44. Rxh5 Rh8 45. Qf2+ 1-0